[Event "London Classic FIDE Open"]
[Site "London ENG"]
[Date "2009.12.15"]
[Round "9"]
[White "Campbell,E"]
[Black "Bass,J"]
[Result "1-0"]
[WhiteElo "1910"]
[BlackElo "2068"]

1.Nf3 d5 2.c4 e6 3.g3 c5 4.cxd5 exd5 5.d4 Nc6 6.Bg2 Nf6 7.O-O Be7 8.Nc3 O-O
9.Bg5 cxd4 10.Nxd4 h6 11.Be3 Re8 12.Rc1 Bg4 13.Qa4 Qd7 14.Rfd1 a6 15.Nxd5 Nxd5
16.Bxd5 Qxd5 17.Nxc6 Qh5 18.Nxe7+ Rxe7 19.Rc5 g5 20.Rcd5 Bxe2 21.Rd8+ Rxd8
22.Rxd8+ Kg7 23.Bd4+ f6 24.Bxf6+ Kxf6 25.Qd4+ Kf7 26.Qd5+ Kf6 27.Rf8+ Rf7
28.Qd4+ Kg6 29.Rg8+ Kf5 30.Qd5+ Kf6 31.Qd6+ Kf5 32.Re8 Rf6 33.Qd7+  1-0

[Event "IRT 35th Ann ALEX"]
[Site "Rio de Janeiro ARG"]
[Date "2009.12.16"]
[Round "1"]
[White "Mascarenhas,Alb"]
[Black "Farias,JoseC"]
[Result "1/2-1/2"]
[WhiteElo "2206"]
[BlackElo "2012"]

1.Nf3 d5 2.c4 dxc4 3.Qa4+ Nc6 4.e3 Nf6 5.Bxc4 e6 6.O-O Bd6 7.d4 Bd7 8.Qd1 O-O
9.Nc3 a6 10.a3 Re8 11.e4 e5 12.Ng5 Rf8 13.d5 Ne7 14.g3 h6 15.Nf3 Bh3 16.Re1 Ng6
17.Bf1 Bxf1 18.Rxf1 Qd7 19.Kg2 Rad8 20.Ng1 c6 21.dxc6 Qxc6 22.Qf3 Bc5 23.Nge2 Nh7
24.h4 Qf6 25.b4 Qxf3+ 26.Kxf3 Ba7 27.Rd1 Rxd1 28.Nxd1 Rd8 29.Be3 Bb8 30.Nb2 Nf6
31.Rd1 Rxd1 32.Nxd1 Ne7 33.a4 Bd6 34.b5 axb5 35.axb5 Nd7 36.Nb2 Bc5 37.Nc4 Bxe3
38.Kxe3 b6 39.Nc3 f6 40.Nd6 Kf8 41.Na4 g6 42.f3 Kg7 43.Kd3 f5 44.Kc4 Kf6
45.Ne8+ Ke6 46.Nc7+ Kd6 47.Na8 Nc8 48.exf5 gxf5 49.g4 e4 50.gxf5 exf3 51.Kd3 Ke5
52.Ke3 Kxf5 53.Kxf3  1/2-1/2

[Event "16th Open B"]
[Site "Zadar CRO"]
[Date "2009.12.16"]
[Round "5"]
[White "Sutkovic,D"]
[Black "Jelecevic,I"]
[Result "1-0"]
[WhiteElo "2297"]
[BlackElo "2187"]

1.Nf3 d5 2.c4 c6 3.b3 Nf6 4.Bb2 Nbd7 5.g3 Nb6 6.c5 Nbd7 7.d4 g6 8.Bg2 Bg7
9.O-O O-O 10.Nc3 Re8 11.b4 Qc7 12.Qb3 e5 13.Nxe5 Nxe5 14.dxe5 Rxe5 15.e3 Re8
16.Ne2 Qe7 17.Bd4 Ne4 18.Bxg7 Kxg7 19.Qb2+ Kg8 20.Rad1 h5 21.h4 a5 22.a3 Qf6
23.Qxf6 Nxf6 24.Nd4 Ne4 25.Bxe4 dxe4 26.Nb3 axb4 27.axb4 Bh3 28.Rfe1 Rad8
29.Na5 Bc8 30.Nc4 f5 31.Nd6 Re7 32.Nxf5  1-0

[Event "IRT 35th Ann ALEX"]
[Site "Rio de Janeiro ARG"]
[Date "2009.12.18"]
[Round "3"]
[White "Chaves,Jor"]
[Black "Rabello,D"]
[Result "1-0"]
[WhiteElo "2056"]
[BlackElo "1976"]

1.Nf3 d5 2.c4 Nf6 3.cxd5 Nxd5 4.Nc3 g6 5.e4 Nb6 6.d4 Bg7 7.Be3 Bg4 8.h3 Bxf3
9.gxf3 Nc6 10.Bb5 O-O 11.Bxc6 bxc6 12.Qd3 c5 13.O-O-O cxd4 14.Bxd4 Bxd4 15.Qxd4 Qxd4
16.Rxd4 e5 17.Rd3 a5 18.Rhd1 a4 19.Nd5 f5 20.Rc3 fxe4 21.Ne7+ Kh8 22.fxe4 Rxf2
23.Rxc7 a3 24.bxa3 Rxa2 25.Rd6 Rb8 26.Nd5 Nxd5 27.exd5 Rf8 28.Kb1 Rh2 29.Rdc6 Rxh3
30.d6 Rxa3 31.d7 Rd3 32.Re6 Rb3+ 33.Kc2 Rbb8 34.Rxe5 Kg8 35.Re7 Rbd8 36.Kd3 g5
37.Rc5 h6 38.Rc6 Rf7 39.Rg6+ Kf8 40.Re8+  1-0

[Event "9th Amplico Life Rapid"]
[Site "Warsaw POL"]
[Date "2009.12.20"]
[Round "9"]
[White "Markowski,T"]
[Black "Wandzik,W"]
[Result "1/2-1/2"]
[WhiteElo "2629"]
[BlackElo "2092"]

1.Nf3 d5 2.c4 c6 3.e3 Nf6 4.Nc3 Nbd7 5.Qc2 e5 6.cxd5 Nxd5 7.Be2 Be7 8.O-O O-O
9.d3 Re8 10.a3 a5 11.Bd2 Bf8 12.Rfd1 N7f6 13.h3 Qb6 14.e4 Nxc3 15.bxc3 Be6
16.Rdb1 Qc7 17.a4 Nd7 18.Ng5 Bc5 19.Qb2 Rab8 20.d4 Bd6 21.Rd1 Nf8 22.Rab1 h6
23.Nxe6 Nxe6 24.h4 Qe7 25.g3 Bc7 26.Be3 Red8 27.Bf1 b6 28.Qb3 Bd6 29.Qc4 Rdc8
30.Bh3 b5 31.Qa2 Rc7 32.Qe2 b4 33.dxe5 Bxe5 34.cxb4 Rxb4 35.Rxb4 axb4 36.Qc4 c5
37.Bxe6 Qxe6 38.Rd5 Bd6 39.a5 Bf8 40.a6 Ra7 41.Bxc5 Rxa6 42.Bxf8 Kxf8 43.Qxb4+ Kg8
44.Kg2 Ra8 45.Qd4 Re8 46.Rd8 Qe7 47.Rxe8+ Qxe8 48.Qd5 Qe7 49.h5 Qa7 50.e5 Qa4
51.e6 fxe6 52.Qxe6+ Kh8 53.Qd5 Qe8 54.g4 Qe7 55.Kg3 Qc7+ 56.f4 Qc3+ 57.Qf3 Qe1+
58.Kh3 Qd2 59.Qa8+ Kh7 60.Qe4+ Kh8 61.Kg3 Qc3+ 62.Kh4 Qf6+ 63.g5 hxg5+ 64.fxg5 Qf2+
65.Kg4 Qg1+ 66.Kf5 Qf2+ 67.Kg6 Qb6+ 68.Kf7 Qc7+ 69.Qe7 Qc4+ 70.Ke8 Qb5+ 71.Kd8 Qd5+
72.Kc7 Qc4+ 73.Kd8 Qd5+ 74.Ke8 Qb5+ 75.Kf8 Qf5+ 76.Qf7 Qc5+ 77.Qe7 Qf5+ 78.Ke8 Qb5+
79.Kd8 Qd5+ 80.Kc7 Qc4+ 81.Kd6 Qd3+ 82.Kc7 Qc4+ 83.Kd7 Qd5+ 84.Ke8 Qb5+ 85.Kd8 Qd5+
86.Kc7 Qc4+ 87.Kd6 Qd3+ 88.Ke6 Qe2+ 89.Kd7 Qxh5 90.Qe8+ Qxe8+ 91.Kxe8 Kh7
92.Kf7 Kh8 93.g6  1/2-1/2

[Event "9th Amplico Life Rapid"]
[Site "Warsaw POL"]
[Date "2009.12.20"]
[Round "10"]
[White "Zgadzaj,R"]
[Black "Repkova,E"]
[Result "0-1"]
[WhiteElo "2243"]
[BlackElo "2434"]

1.Nf3 d5 2.c4 e6 3.g3 Nf6 4.Bg2 c5 5.d4 Nc6 6.O-O dxc4 7.dxc5 Qxd1 8.Rxd1 Bxc5
9.Nbd2 c3 10.bxc3 O-O 11.Nc4 Ne4 12.Be3 Bxe3 13.Nxe3 Nxc3 14.Rd2 e5 15.Rc1 Ne4
16.Rb2 Nf6 17.Nc4 Re8 18.Nd6 Re7 19.Nd2 Bg4 20.e3 Na5 21.Rc5 Rd8 22.Rxa5 b6
23.Nxf7 Kxf7 24.Ra3 Rc7 25.h3 Be2 26.Nf3 Bxf3 27.Bxf3 e4 28.Bg2 Rd5 29.g4 h5
30.gxh5 Rxh5 31.Ra4 b5 32.Ra5 Rb7 33.a4 b4 34.Rxh5 Nxh5 35.Bxe4 Rb8 36.a5 Nf6
37.Bc6 Ke6 38.a6 Rb6 39.Bb7 Kd6 40.Kf1 Kc5 41.Ke2 b3 42.Kd3 Kb4 43.f4 Rd6+
44.Ke2 Kc3 45.Rb1 Kc2 46.Re1 b2 47.Bc8 g6 48.e4 Nxe4 49.Ke3 Nc3  0-1

[Event "Tata Steel TCh-Asia w"]
[Site "Kolkata IND"]
[Date "2009.12.22"]
[Round "1"]
[White "Nguyen Thi Thanh An"]
[Black "Sultana,Z"]
[Result "1-0"]
[WhiteElo "2334"]
[BlackElo "1971"]

1.Nf3 d5 2.c4 c6 3.e3 Nf6 4.Nc3 Nbd7 5.d4 e6 6.Bd3 Bd6 7.O-O O-O 8.e4 dxe4
9.Nxe4 Nxe4 10.Bxe4 h6 11.Bc2 Re8 12.Re1 b6 13.Qd3 Nf8 14.b3 Bb7 15.Bb2 Qc7
16.c5 Be7 17.b4 Bf6 18.Ne5 Red8 19.Qf3 a5 20.a3 axb4 21.axb4 Rxa1 22.Bxa1 bxc5
23.bxc5 Qa5 24.Bc3 Qc7 25.g3 Ra8 26.Ng4 Qd8 27.Rb1 Ra7 28.Qe3 Bg5 29.Qe1 h5
30.Ne5 Bf6 31.Qe4 Qd5 32.Qe3 Qd8 33.Qf3 Bxe5 34.dxe5 g6 35.Be4 Qc7 36.Qd3 Ba6
37.Qd6 Bb5 38.h4 Qc8 39.Rxb5 cxb5 40.c6 Ra6 41.Kg2 Ra7 42.Bb4 Ra4 43.Bf3 Kg7
44.Qe7 Kg8 45.c7 Ra7 46.Bd6 b4 47.Qd8 Rxc7 48.Qxc7 Qxc7 49.Bxc7 Nd7 50.Bd1 Nc5
51.Bd6 Nd3 52.Kf3 Nb2 53.Ke2 Nc4 54.Kd3 Nb2+ 55.Kc2 Nc4 56.Be2 Nxd6 57.exd6 Kf8
58.Kb3 Ke8 59.Bb5+ Kd8 60.Kxb4 f6 61.Kc5 g5 62.Be2  1-0

[Event "Tata Steel TCh-Asia w"]
[Site "Kolkata IND"]
[Date "2009.12.24"]
[Round "3"]
[White "Harika,D"]
[Black "Pham Le Thao Nguyen"]
[Result "1-0"]
[WhiteElo "2467"]
[BlackElo "2295"]

1.Nf3 d5 2.c4 c6 3.e3 Nf6 4.Nc3 a6 5.Qc2 g6 6.d4 Bg7 7.Bd3 O-O 8.O-O Nbd7
9.a4 dxc4 10.Bxc4 Nb6 11.Be2 Nbd5 12.Nxd5 Nxd5 13.a5 Nc7 14.h3 Be6 15.Rd1 Nb5
16.Bd2 Qd5 17.Bb4 Rfe8 18.e4 Qb3 19.Qd2 Bc4 20.Bc5 Bxe2 21.Qxe2 Qe6 22.Bb6 h6
23.Rac1 Rac8 24.Qe3 Kh7 25.Nd2 Qf6 26.e5 Qf5 27.Ne4 Rb8 28.Nc5 h5 29.Qe2 Rec8
30.Rd3 Qg5 31.Rf1 e6 32.Ne4 Qh4 33.Rf3 Kg8 34.Qe3 Nc7 35.Nf6+ Bxf6 36.exf6 Kh7
37.Bxc7 Rxc7 38.Qe5 Rbc8 39.Rf4  1-0

[Event "Tata Steel TCh-Asia w"]
[Site "Kolkata IND"]
[Date "2009.12.26"]
[Round "5"]
[White "Pham Le Thao Nguyen"]
[Black "Liu Yang"]
[Result "1-0"]
[WhiteElo "2295"]
[BlackElo "2066"]

1.Nf3 d5 2.c4 d4 3.d3 c5 4.g3 Nc6 5.Bg2 e5 6.O-O Nf6 7.e4 dxe3 8.fxe3 e4
9.Ne1 Be7 10.Nc3 exd3 11.Nxd3 O-O 12.Nd5 Ng4 13.N3f4 Nge5 14.b3 a6 15.Bb2 Rb8
16.Qc2 b5 17.Rad1 Bd6 18.cxb5 axb5 19.Nc3 Nb4 20.Qb1 c4 21.Rd4 Qe7 22.Ne4 Bc7
23.Ba3 Be6 24.Bxb4 Qxb4 25.Ng5 g6 26.Nfxe6 fxe6 27.Rxf8+ Qxf8 28.Nxe6 Qe7
29.Nxc7 Qxc7 30.Qc2 Rc8 31.bxc4 Nxc4 32.Qb3 Qe5 33.Re4 Qc5 34.h3 Kh8 35.Qc3+ Kg8
36.Kh2 Nd6 37.Qb3+ Kh8 38.Rf4 Nf5 39.Qe6 Qc2 40.Qe5+ Kg8 41.Qd5+ Kh8 42.Qxb5 Qxa2
43.Qe5+ Kg8 44.Rb4  1-0

[Event "Tata Steel TCh-Asia"]
[Site "Kolkata IND"]
[Date "2009.12.28"]
[Round "7"]
[White "Mahjoob,M"]
[Black "Sengupta,D"]
[Result "1-0"]
[WhiteElo "2510"]
[BlackElo "2488"]

1.Nf3 d5 2.c4 e6 3.d4 c6 4.Nc3 Nf6 5.Bg5 h6 6.Bxf6 Qxf6 7.e3 Nd7 8.Bd3 dxc4
9.Bxc4 g6 10.O-O Bg7 11.e4 e5 12.d5 O-O 13.dxc6 bxc6 14.Na4 Rd8 15.Qc2 Nf8
16.Nc5 Bg4 17.Be2 Rab8 18.Rfd1 h5 19.h3 Bc8 20.Rxd8 Qxd8 21.Ba6 Be6 22.b3 Rb6
23.Bc4 Bc8 24.Qc3 Qe7 25.b4 g5 26.a3 Ng6 27.Nh2 Nf4 28.Rd1 Rb8 29.Qd2 Bf8
30.Qd8 Kg7 31.Qxe7 Bxe7 32.Nd7 Bxd7 33.Rxd7 Kf8 34.Nf3 f6 35.Rxa7 Rd8 36.Rc7 Ra8
37.Rxc6 Rxa3 38.Rc8+ Kg7 39.b5 Ra1+ 40.Kh2 Rb1 41.Nd2 Rb2 42.Nf1 Bb4 43.Ne3 Be1
44.Nf5+ Kh7 45.Rc7+ Kh8 46.Nh6 Rc2 47.Rc8+ Kg7 48.Nf5+  1-0

[Event "Pan-American Intercollegiate"]
[Site "South Padre Island USA"]
[Date "2009.12.28"]
[Round "3"]
[White "Margvelashvili,G"]
[Black "Rosenberg,E"]
[Result "1-0"]
[WhiteElo "2509"]
[BlackElo "2208"]

1.Nf3 d5 2.c4 c6 3.g3 Bg4 4.Bg2 Nd7 5.cxd5 cxd5 6.Nc3 e6 7.Qa4 Bxf3 8.Bxf3 Nf6
9.O-O a6 10.d4 Rc8 11.e4 Rc4 12.Qd1 dxe4 13.Nxe4 Nxe4 14.Bxe4 Nc5 15.Bg2 Qxd4
16.Qe2 Rb4 17.Rd1 Qc4 18.Qd2 Be7 19.b3 Qb5 20.Ba3 a5 21.Bxb4 axb4 22.Rac1 O-O
23.Rc4 Qa6 24.Rxb4 h6 25.Qc2 b6 26.Rc4 Qa3 27.b4  1-0

[Event "Pan-American Intercollegiate"]
[Site "South Padre Island USA"]
[Date "2009.12.30"]
[Round "6"]
[White "Wang,Ph"]
[Black "Cornejo,M"]
[Result "1/2-1/2"]
[WhiteElo "2306"]
[BlackElo "2397"]

1.Nf3 d5 2.c4 e6 3.d4 c5 4.cxd5 exd5 5.g3 Nf6 6.Bg2 Be7 7.O-O O-O 8.b3 Ne4
9.Bb2 Bf6 10.Nbd2 Nc6  1/2-1/2

[Event "22nd Open"]
[Site "Staufer GER"]
[Date "2010.01.04"]
[Round "5"]
[White "Jurek,J"]
[Black "Schindler,D"]
[Result "1-0"]
[WhiteElo "2343"]
[BlackElo "2048"]

1.Nf3 d5 2.c4 e6 3.g3 Nf6 4.Bg2 c6 5.Qc2 Nbd7 6.O-O Bd6 7.d4 O-O 8.Nbd2 Re8
9.b3 dxc4 10.Nxc4 Bc7 11.Rd1 Nf8 12.e4 N6d7 13.Bb2 Nb6 14.Ne3 Qe7 15.a4 a5
16.Ne5 Bd6 17.Nd3 f6 18.e5 Bb8 19.Nc4 Nxc4 20.bxc4 Ba7 21.Bc3 Nd7 22.Re1 Qf7
23.c5 Qg6 24.Qd2 Bb8 25.f4 Bc7 26.Nb2 h5 27.Nc4 h4 28.Re3 hxg3 29.hxg3 Rf8
30.Bxa5 Bxa5 31.Nxa5 Qf5 32.Nc4 g5 33.Rf3 g4 34.Re3 Kg7 35.a5 Rh8 36.Nd6 Qh7
37.Ne4 f5 38.Nd6 Nb8 39.Rb3 Kg6 40.Kf2 Ra7 41.Rh1 Qg8 42.Rbb1 Rxh1 43.Rxh1 Qd8
44.Bf1 Rxa5 45.Kg1 Ra1 46.Qh2  1-0

[Event "ch-NZL"]
[Site "Auckland NZL"]
[Date "2010.01.05"]
[Round "4"]
[White "Nijman,B"]
[Black "Lim,B"]
[Result "1-0"]
[WhiteElo "2165"]
[BlackElo "2075"]

1.Nf3 d5 2.c4 c6 3.g3 Nf6 4.Bg2 g6 5.O-O Bg7 6.Qc2 O-O 7.d3 Re8 8.Nbd2 e5
9.e4 dxe4 10.dxe4 c5 11.Rd1 Qc7 12.Nf1 Nc6 13.h3 Nd4 14.Nxd4 exd4 15.b4 cxb4
16.Bb2 Be6 17.Rac1 Rac8 18.Bxd4 b5 19.Qb2 bxc4 20.Bxf6 c3 21.Bxg7 cxb2 22.Rxc7 Rxc7
23.Bxb2 Rc2 24.Bf6 Bxa2 25.Ne3 Rc6 26.Bb2 Be6 27.Ra1 a6 28.e5 Rb6 29.Bd4 Rbb8
30.Rxa6 Red8 31.Bc5 Rd2 32.Bd6 Rxd6 33.exd6 b3 34.Ra8 Rxa8 35.Bxa8 f5 36.Bd5 Kf7
37.Bxe6+ Kxe6 38.Nc4 g5 39.f4 h6 40.Kf2 g4 41.hxg4 fxg4 42.f5+  1-0

[Event "22nd Open"]
[Site "Staufer GER"]
[Date "2010.01.05"]
[Round "8"]
[White "Maeurer,C"]
[Black "Birkenmaier,R"]
[Result "1/2-1/2"]
[WhiteElo "2310"]
[BlackElo "2119"]

1.Nf3 d5 2.c4 e6 3.e3 Nf6 4.b3 Be7 5.g3 O-O 6.Bg2 b6 7.O-O Bb7 8.Bb2 c5 9.Nc3 Nbd7
10.Qe2 Rc8 11.Rac1 Qc7 12.cxd5 Nxd5 13.Nxd5 Bxd5 14.e4 Bb7 15.d4 Qb8 16.Rcd1  1/2-1/2

[Event "Scheveningen"]
[Site "Turin ITA"]
[Date "2010.01.09"]
[Round "9"]
[White "Molina,Fa"]
[Black "Ljubisavljevic,Z"]
[Result "1/2-1/2"]
[WhiteElo "2228"]
[BlackElo "2296"]

1.Nf3 d5 2.c4 dxc4 3.Qa4+ c6 4.Qxc4 Nf6 5.d4 g6 6.Nc3 Bg7 7.e4 O-O 8.Be2 b6
9.Qa4 a5 10.O-O Ba6 11.Bxa6 Rxa6 12.h3 b5 13.Qc2 a4 14.a3 Ne8 15.Be3 Nd6
16.Rad1 Qc8 17.Na2 Qe6 18.Nb4 Ra8 19.d5 cxd5 20.Nxd5 Rc8 21.Qxc8+ Nxc8 22.Nc7 Nd6
23.Nxe6 fxe6 24.Bd4 Nc6 25.Bxg7 Kxg7 26.Rc1 Nc4 27.Rc2 Rd8 28.Rfc1 Nd4 29.Rxc4 bxc4
30.Rxc4 Nxf3+ 31.gxf3 Rd2 32.Rxa4 Rxb2 33.Rb4 Ra2 34.a4 Kf6 35.Kg2 g5 36.Kg3 h6
37.Rc4 Kf7 38.Rd4 Kf6 39.Rb4 Kf7 40.Rc4 Kf6 41.Rb4 Kf7 42.e5 Kg6 43.f4 Kf5
44.Rc4 Ra3+ 45.f3 Ra2 46.fxg5 hxg5 47.Re4 Rb2 48.h4 gxh4+ 49.Kxh4 Rh2+ 50.Kg3 Ra2
51.Rb4 Ra3 52.Re4 Ra2 53.Rh4 Kxe5 54.Rh5+ Kf6 55.a5 e5 56.Rh6+ Kg5 57.Re6 Rxa5
58.Rxe7  1/2-1/2

[Event "4th SOP-SMAOK Open"]
[Site "Athens GRE"]
[Date "2010.01.12"]
[Round "1"]
[White "Delithanasis,D"]
[Black "Paouris,N"]
[Result "1-0"]
[WhiteElo "2201"]
[BlackElo "1909"]

1.Nf3 d5 2.c4 dxc4 3.e3 e6 4.Bxc4 Nf6 5.b3 a6 6.Bb2 b5 7.Be2 Bb7 8.a4 c5
9.axb5 Be7 10.Nc3 O-O 11.O-O Qb6 12.d4 Rd8 13.Na4 Qc7 14.Rc1 Nbd7 15.bxa6 Bxa6
16.Bxa6 Rxa6 17.Ba3 Rc6 18.Qc2 Rc8 19.dxc5 Nxc5 20.Nd4 Ng4 21.g3 Qe5 22.Nxc6 Rxc6
23.Qe2 Qh5 24.f3  1-0

[Event "TCh-AUT 2009-10"]
[Site "Graz AUT"]
[Date "2010.01.14"]
[Round "4"]
[White "Kilgus,G"]
[Black "Tabernig,B"]
[Result "1-0"]
[WhiteElo "2384"]
[BlackElo "2293"]

1.Nf3 d5 2.c4 e6 3.g3 Nf6 4.Bg2 dxc4 5.Na3 Bxa3 6.bxa3 c6 7.Bb2 O-O 8.Qc2 b5
9.Ng5 Re8 10.h4 e5 11.O-O-O Qc7 12.f4 Nbd7 13.d3 exf4 14.dxc4 Rb8 15.Rhf1 h6
16.Rxf4 hxg5 17.hxg5 Nh7 18.Rh1 Ndf8 19.Be4 Rxe4 20.Qxe4 Nxg5 21.Rfh4 f6
22.Rh8+ Kf7 23.Rxf8+  1-0

[Event "TCh-AUT 2009-10"]
[Site "Graz AUT"]
[Date "2010.01.14"]
[Round "4"]
[White "Pinter,J"]
[Black "Platzgummer,F"]
[Result "0-1"]
[WhiteElo "2570"]
[BlackElo "2380"]

1.Nf3 d5 2.c4 d4 3.g3 Nc6 4.Bg2 Nf6 5.O-O e5 6.d3 Be7 7.b4 Nxb4 8.Nxe5 O-O
9.Nd2 Re8 10.Nb3 Bf8 11.Nf3 c5 12.a3 Nc6 13.e3 dxe3 14.Bxe3 Na5 15.Rb1 Nxb3
16.Qxb3 Qc7 17.Bg5 Nh5 18.Nd2 h6 19.Qd1 g6 20.Be3 f5 21.Nf3 Kh7 22.Re1 Re7
23.Qd2 Rf7 24.Qd1 Rb8 25.Ne5 Rg7 26.d4 Bd6 27.Nd3 cxd4 28.Bxd4 Rd7 29.Ne5 Re7
30.f4 Bxa3 31.Bxa7 Ra8 32.Be3 Bc5 33.Rb5 Bxe3+ 34.Rxe3 Ra7 35.Qd4 Ra2 36.Reb3 Ng7
37.Rc5 Qb8 38.Qd8 Re8 39.Qb6 Ra1+ 40.Bf1 Re6 41.Qb4 Qa7 42.Kg2 Ra2+ 43.Kh3 g5
44.fxg5 hxg5 45.g4 Rxe5 46.Rxc8 Re3+  0-1

[Event "Porzellancup"]
[Site "Dresden GER"]
[Date "2010.01.17"]
[Round "7"]
[White "Jaracz,P"]
[Black "Tischbierek,R"]
[Result "1-0"]
[WhiteElo "2532"]
[BlackElo "2438"]

1.Nf3 d5 2.c4 c6 3.e3 Nf6 4.d4 Bg4 5.Nc3 e6 6.h3 Bh5 7.g4 Bg6 8.Ne5 Nbd7
9.h4 dxc4 10.Nxg6 hxg6 11.g5 Nd5 12.Bxc4 Qc7 13.Bd2 Rd8 14.Qf3 Nxc3 15.bxc3 b5
16.Be2 Nb6 17.Kf1 a6 18.Kg2 c5 19.Qe4 Qd7 20.Bf3 Nc4 21.Be1 Nd6 22.Qg4 Nc4
23.Rb1 cxd4 24.cxd4 Ba3 25.h5 gxh5 26.Rxh5 Rxh5 27.Qxh5 g6 28.Qh8+ Ke7 29.Qf6+ Ke8
30.Bc3 Rc8 31.d5 Qe7 32.dxe6 Qxe6 33.Rh1 Bf8 34.Rh8 Qxf6 35.Bxf6 Nd6 36.Bg4 Rb8
37.Be5 Ke7 38.e4 Ra8 39.Bf6+ Ke8 40.e5 Nf5 41.Bxf5 gxf5 42.e6 fxe6 43.g6 Kd7
44.Bg7 Ke7 45.Bxf8+ Rxf8 46.g7  1-0

[Event "8th Parsvnath Open"]
[Site "New Delhi IND"]
[Date "2010.01.17"]
[Round "6"]
[White "Kotsur,P"]
[Black "Navin,K"]
[Result "1-0"]
[WhiteElo "2568"]
[BlackElo "2271"]

1.Nf3 d5 2.c4 c6 3.d4 Nf6 4.e3 e6 5.Bd3 Nbd7 6.b3 Bd6 7.Bb2 Qe7 8.Ne5 Bb4+
9.Nc3 Ne4 10.Bxe4 dxe4 11.Qg4 Nxe5 12.dxe5 f5 13.exf6 Qxf6 14.Rc1 e5 15.Qxe4 O-O
16.O-O Bf5 17.Qf3 e4 18.Qe2 Qg6 19.Kh1 Bd6 20.Rcd1 Bc7 21.c5 Kh8 22.f3 Qh5
23.g4 exf3 24.gxh5 fxe2 25.Nxe2 h6 26.Nf4 Kh7 27.Ng6 Be4+ 28.Kg1 Rxf1+ 29.Rxf1 Bxg6
30.hxg6+ Kxg6 31.Rf2 Rg8 32.Rd2 Rd8 33.Rg2+ Kf5 34.Rxg7 Rd1+ 35.Kg2 Rd2+
36.Kf3 Rxb2 37.Rxc7 Rxa2 38.Rxb7 Rxh2 39.Rxa7 Rh3+ 40.Kf2 Ke4 41.Re7+ Kd5
42.b4 Kc4 43.Re4+ Kb5 44.Rd4 h5 45.e4 Rh4 46.Ke3 Rh3+ 47.Kf4 Rh4+ 48.Kg5 Rh1
49.e5 Rg1+ 50.Kf5  1-0

[Event "8th Parsvnath Open"]
[Site "New Delhi IND"]
[Date "2010.01.20"]
[Round "9"]
[White "Kulkarni,C"]
[Black "Chattarjee,L"]
[Result "0-1"]
[WhiteElo "2339"]
[BlackElo "2192"]

1.Nf3 d5 2.c4 c6 3.g3 dxc4 4.a4 f6 5.Qc2 e5 6.Qxc4 Qd5 7.Qc2 Na6 8.Nc3 Nb4
9.Qd1 Qf7 10.d3 Be6 11.Nd2 h5 12.h3 Ne7 13.Bg2 h4 14.g4 Ng6 15.Nce4 Nf4 16.Bf3 O-O-O
17.Kf1 Be7 18.b3 g6 19.Nc4 Bxc4 20.bxc4 Nbxd3 21.exd3 Rxd3 22.Nd2 Rhd8 23.Rb1 Qxc4
24.Kg1 Qd4 25.a5 Bb4 26.a6 Bxd2 27.axb7+ Kb8 28.Bxd2 Rxd2 29.Qe1 e4  0-1

[Event "8th Parsvnath Open"]
[Site "New Delhi IND"]
[Date "2010.01.22"]
[Round "11"]
[White "Suvrajit,S"]
[Black "Nath,R"]
[Result "1-0"]
[WhiteElo "2343"]
[BlackElo "2243"]

1.Nf3 d5 2.c4 e6 3.d4 Nf6 4.Nc3 Be7 5.Bg5 O-O 6.e3 a6 7.cxd5 Nxd5 8.Bxe7 Qxe7
9.Rc1 c6 10.Bd3 Nd7 11.O-O h6 12.Bb1 Nxc3 13.Rxc3 e5 14.Qc2 g6 15.Nxe5 Nxe5
16.dxe5 Qxe5 17.f4 Qf6 18.e4 Qd4+ 19.Kh1 f6 20.Rd1 Qb6 21.Rg3 Kh7 22.e5 f5
23.Rd6 Qb4 24.Qc1 Rg8 25.h4 h5 26.a3 Qa4 27.b3 Qb5 28.Qd1  1-0

[Event "2nd Chennai Open"]
[Site "Chennai IND"]
[Date "2010.01.25"]
[Round "1"]
[White "Uma Maheswaran,P"]
[Black "Shyam,SM"]
[Result "0-1"]
[WhiteElo "1774"]
[BlackElo "2377"]

1.Nf3 d5 2.c4 e6 3.d4 c6 4.e3 Nf6 5.Bd3 Nbd7 6.O-O Bd6 7.Nc3 dxc4 8.Bxc4 b5
9.Bd3 O-O 10.Qc2 Bb7 11.e4 e5 12.Be3 exd4 13.Bxd4 b4 14.e5 Nxe5 15.Bxe5 Bxe5
16.Nxe5 bxc3 17.bxc3 c5 18.Bc4 Qc7 19.Rfe1 Rae8 20.Nxf7 Rxe1+ 21.Rxe1 Rxf7
22.Qf5 Qc6 23.f3 Kf8 24.Bxf7 Kxf7 25.g4 h6 26.h4 Qd6 27.Qe5 Qxe5 28.Rxe5 Nd7
29.Re2 Bxf3 30.Rf2 Ne5 31.g5 hxg5 32.hxg5 Kg6 33.Rb2 Bc6 34.Re2 Kf5 35.Kf2 a5
36.Kg3 a4 37.Re1 Bd5 38.a3 g6 39.Re2 Nc4 40.Re8 Nxa3 41.Rc8 c4 42.Rc5 Ke6
43.Ra5 Bc6 44.Kf4 Nc2 45.Re5+ Kd6 46.Re2 Na3 47.Ra2 Nb1 48.Rh2 Nxc3 49.Rh6 Nd5+
50.Ke4 Kc5 51.Ke5 a3 52.Rh2 Nb4 53.Kf6 a2 54.Rxa2 Nxa2  0-1

[Event "2nd Chennai Open"]
[Site "Chennai IND"]
[Date "2010.01.25"]
[Round "1"]
[White "Dimakiling,O"]
[Black "George,D"]
[Result "1-0"]
[WhiteElo "2435"]
[BlackElo "1842"]

1.Nf3 d5 2.c4 e6 3.g3 Nf6 4.Bg2 Be7 5.O-O O-O 6.d4 dxc4 7.Nbd2 a6 8.a4 c5
9.Nxc4 Nc6 10.e3 b6 11.Nfe5 Nxe5 12.Nxe5 Nd5 13.Nc6 Qc7 14.Nxe7+ Qxe7 15.dxc5 Qxc5
16.e4 Nf6 17.Qb3 Bb7 18.Be3 Qh5 19.f3 b5 20.g4 Qe5 21.g5 Nh5 22.f4 Qb8 23.axb5 axb5
24.Qxb5 Rxa1 25.Rxa1 Qc8 26.Ra7 Bc6 27.Qe5 f6 28.gxf6 Nxf6 29.Bh3 Bd7 30.Rc7 Qe8
31.Rxd7 Nxd7 32.Qxe6+ Kh8 33.Qxe8 Rxe8 34.Bxd7 Rb8 35.e5 Rxb2 36.e6 Re2 37.Bd4 Kg8
38.Be5  1-0

[Event "2nd Chennai Open"]
[Site "Chennai IND"]
[Date "2010.01.26"]
[Round "2"]
[White "Tejas,R"]
[Black "Kotsur,P"]
[Result "0-1"]
[WhiteElo "2198"]
[BlackElo "2568"]

1.Nf3 d5 2.c4 d4 3.d3 Nc6 4.g3 e5 5.Bg2 Bb4+ 6.Nbd2 a5 7.a3 Be7 8.b3 Nf6
9.O-O O-O 10.Rb1 Re8 11.Ne1 Bf5 12.Nc2 Qc8 13.Re1 Nd7 14.Ne4 Bg6 15.f4 f5
16.Nf2 Bf6 17.b4 axb4 18.axb4 Nb6 19.b5 Nd8 20.Nb4 exf4 21.Bxf4 Bf7 22.Nd5 Nxd5
23.Bxd5 Ne6 24.Nh3 h6 25.Bd2 g5 26.Rf1 Ng7 27.Bxf7+ Kxf7 28.Kg2 Ra2 29.Ng1 Qa8
30.c5 Kg6 31.Ra1 Qa7 32.Bb4 Ra8 33.Rxa2 Qxa2 34.Qb1 Qd5+ 35.Kf2 g4 36.Bd2 Ra2
37.Qc1 Rxd2 38.Qxd2 Bg5 39.Qc2 Be3+ 40.Ke1 Qg2 41.c6 b6 42.Qc4 Bxg1 43.Qg8 Bxh2  0-1

[Event "2nd Chennai Open"]
[Site "Chennai IND"]
[Date "2010.01.26"]
[Round "3"]
[White "Dimakiling,O"]
[Black "Mehar,C"]
[Result "1-0"]
[WhiteElo "2435"]
[BlackElo "2258"]

1.Nf3 d5 2.c4 c6 3.e3 Nf6 4.Be2 Bg4 5.cxd5 cxd5 6.Qb3 Qc7 7.Nc3 e6 8.d4 Nc6
9.Bd2 Be7 10.Rc1 O-O 11.h3 Bxf3 12.gxf3 Rac8 13.O-O e5 14.Nxd5 Nxd5 15.Qxd5 exd4
16.Rfd1 Bf6 17.b4 Qe7 18.b5 Rcd8 19.Qe4 dxe3 20.Bxe3 Nd4 21.Rxd4  1-0

[Event "8th Gibtelecom Masters"]
[Site "Caleta ENG"]
[Date "2010.01.30"]
[Round "5"]
[White "Lenderman,A"]
[Black "Bellon Lopez,JuM"]
[Result "1-0"]
[WhiteElo "2560"]
[BlackElo "2440"]

1.Nf3 d5 2.c4 c6 3.d4 Nf6 4.Nc3 dxc4 5.a4 Bf5 6.Ne5 Nbd7 7.Nxc4 Qc7 8.g3 e5
9.dxe5 Nxe5 10.Bf4 Nfd7 11.Bg2 f6 12.O-O O-O-O 13.Rc1 Nc5 14.Qe1 Nb3 15.Nb5 Qb8
16.Qc3 Nxc1 17.Rxc1 Rd7 18.Nxe5 fxe5 19.Bxe5 Bd6 20.Nxd6+ Rxd6 21.Qc5  1-0

[Event "ch-UKR b18"]
[Site "Kyiv UKR"]
[Date "2010.02.01"]
[Round "9"]
[White "Sergienko,Vladislav"]
[Black "Olifir,M"]
[Result "1/2-1/2"]
[WhiteElo "1996"]
[BlackElo "1821"]

1.Nf3 d5 2.c4 c6 3.g3 e6 4.Bg2 Bd6 5.d3 Nf6 6.O-O O-O 7.b3 Qe7 8.Bb2 Nbd7
9.Nbd2 b6 10.e4 Ba3 11.Qc2 Bxb2 12.Qxb2 Bb7 13.Rfe1 Rfd8 14.cxd5 cxd5 15.e5 Ne8
16.d4 Rac8 17.Bf1 Nb8 18.Rac1 a6 19.Bd3 Qd7 20.b4 Bc6 21.Nb3 Ba4 22.Qe2 Bxb3
23.axb3 b5 24.Rc2 Rc6 25.Rec1 Rdc8  1/2-1/2

[Event "4th SOP-SMAOK Open"]
[Site "Athens GRE"]
[Date "2010.02.02"]
[Round "4"]
[White "Efentakis,N"]
[Black "Delithanasis,D"]
[Result "0-1"]
[WhiteElo "1791"]
[BlackElo "2201"]

1.Nf3 d5 2.c4 e6 3.g3 c6 4.Bg2 Bd6 5.d4 f5 6.O-O Nf6 7.b3 Qe7 8.Bf4 Bxf4
9.gxf4 O-O 10.Ne5 Bd7 11.Nd2 Be8 12.Rc1 Bh5 13.Ndf3 Ne4 14.Kh1 Na6 15.c5 Nc7
16.Qe1 a5 17.Rg1 a4 18.b4 Nb5 19.e3 a3 20.Bf1 Nc7 21.Be2 Nf6 22.Rg5 Bg4 23.Nxg4 Nxg4
24.Ne5 Nxe5 25.dxe5 Ra4 26.Rb1 Rb8 27.Qd1 Ra7 28.Qd4 Ne8 29.Rb3 b6 30.cxb6 Rab7
31.Qc3 Rxb6 32.Rxa3 Qxb4 33.Qxb4 Rxb4 34.Kg2 Nc7 35.Ra7 R4b7 36.Rxb7 Rxb7
37.Bd1 c5 38.Kf3 Rb1 39.Rg1 Nb5 40.Kg2 Nc3 41.Bh5 Rxg1+ 42.Kxg1 g6 43.Bf3 Nxa2
44.Kf1 Nc3 45.Ke1 Kf7 46.Bg2 Ke7 47.Bf1 c4 48.f3 Kd7 49.Kd2 Na4 50.Be2 Kc6
51.e4 Kc5 52.exd5 exd5 53.Bd1 Nb6 54.Kc3 d4+ 55.Kd2 Nd5 56.Ba4 Nxf4 57.Be8 c3+
58.Kd1 Kd5  0-1

[Event "8th Gibtelecom Masters"]
[Site "Caleta ENG"]
[Date "2010.02.02"]
[Round "8"]
[White "Zhukova,N"]
[Black "Gustafsson,J"]
[Result "0-1"]
[WhiteElo "2462"]
[BlackElo "2627"]

1.Nf3 d5 2.c4 e6 3.e3 Nf6 4.b3 c5 5.Bb2 Nc6 6.cxd5 exd5 7.Bb5 Bd6 8.d4 cxd4
9.Nxd4 Bd7 10.O-O O-O 11.Nc3 Qe7 12.Nf3 Be6 13.Be2 a6 14.Qd3 Rad8 15.Rad1 Rfe8
16.Qb1 Bb8 17.g3 Ba7 18.Nd4 Nxd4 19.exd4 Qd7 20.Rfe1 Bf5 21.Qc1 h6 22.Qf4 b5
23.Bf3 Bb8 24.Qd2 Bg4 25.Qd3 Bc7 26.Bxg4 Qxg4 27.Ba3 Ba5 28.f3 Qg6 29.Rxe8+ Rxe8
30.Qxg6 fxg6 31.b4 Bb6 32.Kf2 Rc8 33.Rd3 Bxd4+  0-1